| 000 | 00537nam a2200169Ia 4500 | ||
|---|---|---|---|
| 008 | 260520s2025 xx 000 0 und d | ||
| 020 | _a9788195555666 | ||
| 041 | _amar | ||
| 082 | _a080/SUR | ||
| 100 | _aसुरणे, बी ए | ||
| 245 | _aसिम्प्लिफाईड चालू घडामोडी २०२६ | ||
| 250 | _a1st ed | ||
| 260 |
_aमाढा _bसिम्प्लिफाई पब्लिकेशन _c2025 |
||
| 300 | _a357p. | ||
| 500 | _aCat No: 15247 | ||
| 650 | _aCOMPITITIVE EXAM | ||
| 999 |
_c1222247 _d1222247 |
||